ARRUPE JESUIT UNIVERSITY

CORONAVIRUS -STOP THE SPREAD - CLEAN,DISINFECT,COVER

Gynaecologic rapid revision (Record no. 130605)

MARC details
000 -LEADER
fixed length control field 00478nam a22001577a 4500
008 - FIXED-LENGTH DATA ELEMENTS--GENERAL INFORMATION
fixed length control field 201030b ||||| |||| 00| 0 eng d
020 ## - INTERNATIONAL STANDARD BOOK NUMBER
International Standard Book Number 0409103667
050 ## - LIBRARY OF CONGRESS CALL NUMBER
Classification number RG112.H669
100 ## - MAIN ENTRY--PERSONAL NAME
Personal name Hirschowitz, Sindey
9 (RLIN) 50134
245 ## - TITLE STATEMENT
Title Gynaecologic rapid revision
Statement of responsibility, etc / by Sindey Hirschowitz
260 ## - PUBLICATION, DISTRIBUTION, ETC. (IMPRINT)
Place of publication, distribution, etc Durban:
Name of publisher, distributor, etc Butterworth,
Date of publication, distribution, etc 1986.
300 ## - PHYSICAL DESCRIPTION
Extent vii, 117p. ;
Dimensions 23cm.
650 ## - SUBJECT ADDED ENTRY--TOPICAL TERM
Topical term or geographic name as entry element Gynaecology
General subdivision Outlines
9 (RLIN) 50135
650 ## - SUBJECT ADDED ENTRY--TOPICAL TERM
Topical term or geographic name as entry element Obstetrics
General subdivision Outlines
9 (RLIN) 50136
942 ## - ADDED ENTRY ELEMENTS (KOHA)
Source of classification or shelving scheme Library of Congress Classification
Item type Monograph ( Printed materials)
Holdings
Withdrawn status Lost status Source of classification or shelving scheme Damaged status Not for loan Collection code Home library Current library Shelving location Date acquired Total Checkouts Full call number Barcode Date last seen Price effective from Koha item type
    Library of Congress Classification     Main Collection ARRUPE LIBRARY ARRUPE LIBRARY Main Collection 30/10/2020   RG112.H669 46600008204 30/10/2020 30/10/2020 Monograph ( Printed materials)

 

Arrupe Library. PO Box MP320 Mt Pleasant, Harare, Zimbabwe
263 242 745411|librarian@aju.ac.zw